| 000 | 00881nam a22002657a 4500 | ||
|---|---|---|---|
| 001 | 983 | ||
| 005 | 20230717113303.0 | ||
| 008 | 230717b cb ||||| |||| 00| 0 eng d | ||
| 020 | _a9780545007153 | ||
| 040 |
_aFISKH _beng _cFISKH _dFISKH |
||
| 050 | _a597 | ||
| 082 | _aB344 | ||
| 100 | _aBauer, Jeff | ||
| 245 |
_aScience Vocabulary Readers: _bUnderground Homes / _cAuthor : Jeff Bauer |
||
| 250 | _aFirst Printing, September 2007. | ||
| 260 |
_aNew York : _bScholastic, _c2007. |
||
| 300 |
_a16 pages : _bColor illustrations, _c23 cm. |
||
| 505 | _aM | ||
| 520 | _aMillions of animals make their homes underground. Open this book to meet some of them!. | ||
| 521 |
_a540
_bLexile |
||
| 521 |
_aM
_bRaz-Plus |
||
| 650 |
_aanimal homes _vhabitats _xunderground _yscience |
||
| 650 |
_aanimal homes _vhabitats _xunderground _yscience |
||
| 942 |
_2ddc _cBK _n0 |
||
| 999 |
_c983 _d983 |
||